[Event "15PCR_ZK4"]
[Site "?"]
[Date "2003.??.??"]
[Round "?"]
[White "Kubecek, Jan"]
[Black "Kudr, Roman"]
[Result "1/2-1/2"]
[WhiteElo "1800"]
[BlackElo "1915"]
[PlyCount "59"]
[EventDate "2003.??.??"]
[EventType "corr"]
[EventRounds "2"]
[SourceDate "2004.??.??"]

1. d4 d5 2. c4 c6 3. Nc3 Nf6 4. Nf3 dxc4 5. a4 Bf5 6. e3 e6 7. Bxc4 Bb4 8. O-O
O-O 9. Nh4 Bg4 10. f3 Bh5 11. g4 Nd5 12. Ng2 Bg6 13. h4 h6 14. Ne2 Nb6 15. Bb3
a5 16. Bd2 Be7 17. h5 Bd3 18. Rc1 Bd6 19. Rf2 Re8 20. e4 Bxe2 21. Rxe2 N8d7 22.
Be3 Be7 23. Kh1 Rc8 24. Rec2 Nf6 25. Qe2 Nbd7 26. Nf4 Qc7 27. Bc4 Nf8 28. Rg1
Red8 29. Qh2 N6h7 30. Qf2 1/2-1/2

[Event "15PCR_ZK4"]
[Site "?"]
[Date "2003.??.??"]
[Round "?"]
[White "Kudr, Roman"]
[Black "Ptacek, Jiri"]
[Result "1-0"]
[WhiteElo "1915"]
[BlackElo "1800"]
[PlyCount "53"]
[EventDate "2003.??.??"]
[EventType "corr"]
[EventRounds "2"]
[SourceDate "2004.??.??"]

1. Nf3 Nf6 2. c4 Nc6 3. Nc3 g6 4. g3 Bg7 5. Bg2 O-O 6. O-O e6 7. e4 d6 8. d4
Re8 9. h3 h6 10. Be3 a6 11. Qd2 g5 12. Nh2 Nh7 13. f4 f6 14. Rac1 Rf8 15. Ne2
Ne7 16. g4 c6 17. Nf3 b5 18. b3 Bb7 19. h4 gxf4 20. Nxf4 Qd7 21. Nh5 Rf7 22.
Bxh6 Bf8 23. Bh3 Bxh6 24. Qxh6 Raf8 25. g5 fxg5 26. Bxe6 Qd8 27. Qg7# 1-0

[Event "15PCR_ZK4"]
[Site "?"]
[Date "2003.??.??"]
[Round "?"]
[White "Cvak, Rudolf"]
[Black "Peroutik, Jiri"]
[Result "1/2-1/2"]
[WhiteElo "1800"]
[BlackElo "1925"]
[PlyCount "77"]
[EventDate "2003.??.??"]
[EventType "corr"]
[EventRounds "2"]
[SourceDate "2004.??.??"]

1. e4 e6 2. d4 d5 3. Nc3 Bb4 4. e5 c5 5. a3 Bxc3+ 6. bxc3 Ne7 7. Qg4 Nf5 8. Bd3
h5 9. Qf4 cxd4 10. cxd4 Qh4 11. Qxh4 Nxh4 12. Bg5 Nf5 13. Ne2 Nc6 14. c3 Bd7
15. Rb1 b6 16. Nf4 Nce7 17. Kd2 Rc8 18. h3 h4 19. Rb2 O-O 20. Ne2 f6 21. exf6
gxf6 22. Bf4 Kf7 23. g4 hxg3 24. fxg3 Nc6 25. Bxf5 exf5 26. Kd3 Na5 27. Rb4 Nc4
28. Bc1 a5 29. Rb3 Ba4 30. Rb1 Rg8 31. Rg1 Bc6 32. Rf1 Nd6 33. Rxb6 Bb5+ 34.
Rxb5 Nxb5 35. Rf3 a4 36. h4 f4 37. gxf4 Rg2 38. Rh3 Re8 39. Re3 1/2-1/2

[Event "15PCR_ZK4"]
[Site "?"]
[Date "2003.??.??"]
[Round "?"]
[White "Slavik, Miroslav"]
[Black "Trs, Jan"]
[Result "0-1"]
[WhiteElo "2160"]
[BlackElo "2060"]
[PlyCount "100"]
[EventDate "2003.??.??"]
[EventType "corr"]
[EventRounds "2"]
[SourceDate "2004.??.??"]

1. d4 Nf6 2. c4 g6 3. Nc3 d5 4. Nf3 Bg7 5. e3 O-O 6. Be2 dxc4 7. Bxc4 c5 8. O-O
Nbd7 9. dxc5 Nxc5 10. Qe2 Nce4 11. Nxe4 Nxe4 12. Rd1 Qb6 13. Bd5 Bf5 14. Nd4
Rfd8 15. Nxf5 gxf5 16. Rb1 Qa5 17. Bc4 Rxd1+ 18. Qxd1 b5 19. Bb3 Rd8 20. Qe2
Nc5 21. Bc2 Qxa2 22. Bd2 Qc4 23. Qxc4 bxc4 24. Bb4 Nb3 25. Ba3 f4 26. Rd1 Rxd1+
27. Bxd1 fxe3 28. fxe3 Nc1 29. Kf1 e6 30. g4 Bh6 31. Kf2 Bg5 32. Kf3 a6 33. Ke4
Bf6 34. h4 h6 35. g5 hxg5 36. hxg5 Bxg5 37. Kd4 Nd3 38. Be2 Nxb2 39. e4 Bc1 40.
Bxb2 Bxb2+ 41. Kxc4 a5 42. Kb5 Bc3 43. Kc4 Be1 44. Bd1 Kg7 45. Bc2 Kf6 46. Kd3
Ke5 47. Ba4 f5 48. exf5 exf5 49. Ke2 Bg3 50. Bd7 f4 0-1

[Event "15PCR_ZK4"]
[Site "?"]
[Date "2003.??.??"]
[Round "?"]
[White "Petrzik, Josef"]
[Black "Slavik, Miroslav"]
[Result "0-1"]
[WhiteElo "1800"]
[BlackElo "2160"]
[PlyCount "64"]
[EventDate "2003.??.??"]
[EventType "corr"]
[EventRounds "2"]
[SourceDate "2004.??.??"]

1. e4 c6 2. d4 d5 3. Nc3 dxe4 4. Nxe4 Nd7 5. Nf3 Ngf6 6. Ng3 e6 7. Bd3 c5 8.
O-O cxd4 9. Nxd4 Be7 10. Re1 O-O 11. Bg5 h6 12. Be3 Ne5 13. Bb5 Neg4 14. Bf4
Qb6 15. c3 Rd8 16. h3 Bc5 17. hxg4 Bxd4 18. cxd4 Qxb5 19. Be5 Nd5 20. Qe2 Qb6
21. Ne4 f6 22. Bg3 Qxd4 23. Bc7 Rd7 24. Rad1 Qb4 25. a3 Qe7 26. Bg3 b6 27. Nd2
e5 28. Rc1 Bb7 29. f3 Rad8 30. Ne4 Qf7 31. b3 Nc7 32. b4 Ne6 0-1

[Event "15PCR_ZK4"]
[Site "?"]
[Date "2003.??.??"]
[Round "?"]
[White "Trs, Jan"]
[Black "Cvak, Rudolf"]
[Result "1-0"]
[WhiteElo "2060"]
[BlackElo "1800"]
[PlyCount "63"]
[EventDate "2003.??.??"]
[EventType "corr"]
[EventRounds "2"]
[SourceDate "2004.??.??"]

1. d4 Nf6 2. c4 e6 3. Nf3 Bb4+ 4. Bd2 Qe7 5. g3 Nc6 6. Bg2 Bxd2+ 7. Nbxd2 d6 8.
O-O a5 9. e4 e5 10. d5 Nb8 11. Ne1 O-O 12. Nd3 Na6 13. Qc2 Nb4 14. Nxb4 axb4
15. Qb3 c5 16. dxc6 bxc6 17. Qxb4 Ra6 18. c5 dxc5 19. Qc3 Bg4 20. f3 Be6 21.
Qxe5 Nd7 22. Qc3 Bxa2 23. b3 Rfa8 24. Rfc1 h6 25. f4 Qd8 26. e5 Nf8 27. f5 Qg5
28. Ne4 Qxf5 29. Nxc5 R6a7 30. Bxc6 Rc8 31. Ne4 Rb7 32. Nd6 1-0

[Event "15PCR_ZK4"]
[Site "?"]
[Date "2003.??.??"]
[Round "?"]
[White "Peroutik, Jiri"]
[Black "Kudr, Roman"]
[Result "1/2-1/2"]
[WhiteElo "1925"]
[BlackElo "1915"]
[PlyCount "49"]
[EventDate "2003.??.??"]
[EventType "corr"]
[EventRounds "2"]
[SourceDate "2004.??.??"]

1. e4 e5 2. Nf3 Nc6 3. Bb5 f5 4. Nc3 fxe4 5. Nxe4 Nf6 6. Nxf6+ Qxf6 7. Qe2 Be7
8. Bxc6 dxc6 9. Nxe5 Bf5 10. d3 O-O 11. O-O Rae8 12. f4 Bd6 13. d4 Bxe5 14.
dxe5 Qg6 15. Rf2 h5 16. Be3 Rd8 17. Rd1 Kh7 18. Rd2 Rxd2 19. Qxd2 b6 20. c3 c5
21. Kh1 Be6 22. b3 c4 23. Qd1 cxb3 24. axb3 Rd8 25. Rd2 1/2-1/2

[Event "15PCR_ZK4"]
[Site "?"]
[Date "2003.??.??"]
[Round "?"]
[White "Ptacek, Jiri"]
[Black "Kubecek, Jan"]
[Result "1-0"]
[WhiteElo "1800"]
[BlackElo "1800"]
[PlyCount "52"]
[EventDate "2003.??.??"]
[EventType "corr"]
[EventRounds "2"]
[SourceDate "2004.??.??"]

1. e4 c5 2. Nf3 d6 3. Bb5+ Nd7 4. Bxd7+ Bxd7 5. h3 g6 6. d3 Bg7 7. c3 Nf6 8. e5
dxe5 9. Nxe5 O-O 10. Nxd7 Qxd7 11. O-O Rfd8 12. Qf3 Qd5 13. Qxd5 Rxd5 14. Be3
e5 15. Na3 b6 16. Rad1 Rad8 17. Nb5 R5d7 18. Bg5 h6 19. Bxf6 Bxf6 20. c4 e4 21.
Nc3 Bxc3 22. bxc3 Rxd3 23. Rfe1 f5 24. Rc1 Rd2 25. a4 Ra2 26. Ra1 Rdd2 1-0

[Event "15PCR_ZK4"]
[Site "?"]
[Date "2003.??.??"]
[Round "?"]
[White "Ptacek, Jiri"]
[Black "Petrzik, Josef"]
[Result "0-1"]
[WhiteElo "1800"]
[BlackElo "1800"]
[PlyCount "62"]
[EventDate "2003.??.??"]
[EventType "corr"]
[EventRounds "2"]
[SourceDate "2004.??.??"]

1. e4 e5 2. Nf3 Nc6 3. Bc4 Bc5 4. Nc3 Nf6 5. d3 d6 6. h3 Na5 7. a3 Nxc4 8. dxc4
Bb6 9. Bg5 Be6 10. Bxf6 Qxf6 11. Nd5 Qg6 12. g4 Qxe4+ 13. Qe2 Ba5+ 14. b4 Qxe2+
15. Kxe2 c6 16. Ne3 Bc7 17. Ng5 Kd7 18. Nxe6 Kxe6 19. Nf5 g6 20. Ng3 h5 21. Kd2
hxg4 22. hxg4 f5 23. gxf5+ gxf5 24. Rhe1 Rh2 25. Re2 Rah8 26. Rg1 Bb6 27. Rf1
R8h3 28. Ke1 f4 29. Ne4 Rxa3 30. Ng5+ Kf5 31. Nf7 Ra1+ 0-1

[Event "15PCR_ZK4"]
[Site "?"]
[Date "2003.??.??"]
[Round "?"]
[White "Kudr, Roman"]
[Black "Trs, Jan"]
[Result "1/2-1/2"]
[WhiteElo "1915"]
[BlackElo "2060"]
[PlyCount "60"]
[EventDate "2003.??.??"]
[EventType "corr"]
[EventRounds "2"]
[SourceDate "2004.??.??"]

1. Nf3 d5 2. d4 c6 3. e3 Nf6 4. c4 Bf5 5. cxd5 cxd5 6. Qb3 Qc7 7. Bd2 e6 8.
Bb5+ Nc6 9. Bb4 Bd6 10. Bxd6 Qxd6 11. Qa3 Qxa3 12. Nxa3 Rc8 13. Ne5 Nd7 14.
Nxd7 Kxd7 15. Rc1 a6 16. Bxc6+ Rxc6 17. Rxc6 Kxc6 18. Kd2 Kd6 19. Nb1 Bxb1 20.
Rxb1 Rc8 21. Rc1 Rxc1 22. Kxc1 g5 23. Kd2 h5 24. Kd3 a5 25. a4 f5 26. f3 Kc6
27. Kd2 b5 28. b3 h4 29. f4 g4 30. g3 h3 1/2-1/2

[Event "15PCR_ZK4"]
[Site "?"]
[Date "2003.??.??"]
[Round "?"]
[White "Cvak, Rudolf"]
[Black "Slavik, Miroslav"]
[Result "0-1"]
[WhiteElo "1800"]
[BlackElo "2160"]
[PlyCount "90"]
[EventDate "2003.??.??"]
[EventType "corr"]
[EventRounds "2"]
[SourceDate "2004.??.??"]

1. e4 c6 2. d4 d5 3. e5 Bf5 4. Nc3 e6 5. g4 Bg6 6. Nge2 c5 7. h4 cxd4 8. Nxd4
h5 9. f4 hxg4 10. Bb5+ Nd7 11. f5 Rxh4 12. Rf1 Bxf5 13. Nxf5 Rh5 14. Be3 a6 15.
Nd6+ Bxd6 16. Bxd7+ Qxd7 17. exd6 Nf6 18. Bf4 O-O-O 19. Qd2 Kb8 20. O-O-O e5
21. Nxd5 exf4 22. Nxf6 gxf6 23. Qxf4 Ra5 24. a3 f5 25. Qd4 Rc8 26. Rfe1 Ra4 27.
Qd3 Re4 28. Rxe4 fxe4 29. Qxe4 f5 30. Qf4 Rg8 31. Rd3 Rc8 32. Rd5 Rxc2+ 33. Kb1
Re2 34. Rxf5 Re1+ 35. Kc2 Qc8+ 36. Kb3 Qe6+ 37. Kc3 Rc1+ 38. Qxc1 Qxf5 39. Kd4
g3 40. Qc7+ Ka7 41. Qg7 Qf2+ 42. Kc4 g2 43. d7 Qc2+ 44. Kb4 a5+ 45. Kb5 Qc6+
0-1

[Event "15PCR_ZK4"]
[Site "?"]
[Date "2003.??.??"]
[Round "?"]
[White "Petrzik, Josef"]
[Black "Cvak, Rudolf"]
[Result "0-1"]
[WhiteElo "1800"]
[BlackElo "1800"]
[PlyCount "62"]
[EventDate "2003.??.??"]
[EventType "corr"]
[EventRounds "2"]
[SourceDate "2004.??.??"]

1. e4 e5 2. Nf3 Nc6 3. Bb5 a6 4. Ba4 Nf6 5. O-O Be7 6. Re1 b5 7. Bb3 O-O 8. c3
d6 9. h3 Nb8 10. d3 Nbd7 11. Be3 Bb7 12. Nbd2 c5 13. Bg5 a5 14. a3 Nb6 15. Bc2
Nfd5 16. Bxe7 Nxe7 17. d4 cxd4 18. cxd4 exd4 19. Nxd4 b4 20. Rc1 Ng6 21. Qf3 d5
22. exd5 Bxd5 23. Be4 Bxe4 24. Qxe4 Re8 25. Qxe8+ Qxe8 26. Rxe8+ Rxe8 27. N2f3
Nf4 28. Rc5 bxa3 29. bxa3 a4 30. Rc6 Nfd5 31. Rc4 Nxc4 0-1

[Event "15PCR_ZK4"]
[Site "?"]
[Date "2003.??.??"]
[Round "?"]
[White "Slavik, Miroslav"]
[Black "Kudr, Roman"]
[Result "1/2-1/2"]
[WhiteElo "2160"]
[BlackElo "1915"]
[PlyCount "46"]
[EventDate "2003.??.??"]
[EventType "corr"]
[EventRounds "2"]
[SourceDate "2004.??.??"]

1. d4 d5 2. c4 e6 3. Nc3 Nf6 4. Bg5 Be7 5. Nf3 O-O 6. e3 h6 7. Bh4 Ne4 8. Bxe7
Qxe7 9. Rc1 c6 10. Qc2 Nxc3 11. Qxc3 Nd7 12. a3 dxc4 13. Bxc4 b6 14. O-O Bb7
15. Rfd1 c5 16. d5 exd5 17. Bxd5 Bxd5 18. Rxd5 Rfd8 19. Rcd1 Nf6 20. R5d3 Rxd3
21. Qxd3 Re8 22. b3 Qe4 23. Qxe4 Rxe4 1/2-1/2

[Event "15PCR_ZK4"]
[Site "?"]
[Date "2003.??.??"]
[Round "?"]
[White "Trs, Jan"]
[Black "Kubecek, Jan"]
[Result "1-0"]
[WhiteElo "2060"]
[BlackElo "1800"]
[PlyCount "56"]
[EventDate "2003.??.??"]
[EventType "corr"]
[EventRounds "2"]
[SourceDate "2004.??.??"]

1. d4 Nf6 2. c4 e5 3. dxe5 Ng4 4. Bf4 Nc6 5. Nf3 Bb4+ 6. Nbd2 Qe7 7. e3 Ngxe5
8. Nxe5 Nxe5 9. a3 Bxd2+ 10. Qxd2 d6 11. Be2 O-O 12. O-O Bf5 13. Bg3 Rfe8 14.
b3 Nd7 15. b4 Nf6 16. Qd4 Ne4 17. Bf3 Nxg3 18. hxg3 Be4 19. Bxe4 Qxe4 20. Rfd1
Qxd4 21. Rxd4 Re5 22. Rc1 Rae8 23. c5 dxc5 24. bxc5 Re4 25. Rd7 R4e7 26. Rd3 b6
27. c6 Kf8 28. Kf1 f5 1-0

[Event "15PCR_ZK4"]
[Site "?"]
[Date "2003.??.??"]
[Round "?"]
[White "Peroutik, Jiri"]
[Black "Ptacek, Jiri"]
[Result "1/2-1/2"]
[WhiteElo "1925"]
[BlackElo "1800"]
[PlyCount "49"]
[EventDate "2003.??.??"]
[EventType "corr"]
[EventRounds "2"]
[SourceDate "2004.??.??"]

1. e4 e5 2. Nf3 Nf6 3. Nxe5 d6 4. Nf3 Nxe4 5. d4 d5 6. Bd3 Be7 7. O-O Nc6 8. c4
Be6 9. Bxe4 dxe4 10. d5 exf3 11. Qxf3 Bxd5 12. cxd5 Ne5 13. Qb3 b6 14. Qb5+ Qd7
15. Nc3 O-O 16. Bf4 Qxb5 17. Nxb5 Bd6 18. Nxd6 cxd6 19. b3 f6 20. Rfd1 Rac8 21.
Rac1 Rxc1 22. Rxc1 Nd3 23. Rc4 Nxf4 24. Rxf4 Rf7 25. f3 1/2-1/2

[Event "15PCR_ZK4"]
[Site "?"]
[Date "2003.??.??"]
[Round "?"]
[White "Ptacek, Jiri"]
[Black "Trs, Jan"]
[Result "0-1"]
[WhiteElo "1800"]
[BlackElo "2060"]
[PlyCount "66"]
[EventDate "2003.??.??"]
[EventType "corr"]
[EventRounds "2"]
[SourceDate "2004.??.??"]

1. e4 c6 2. d4 d5 3. exd5 cxd5 4. Bb5+ Nc6 5. Bxc6+ bxc6 6. c3 e6 7. Ne2 Ba6 8.
O-O Bd6 9. Re1 Qc7 10. Ng3 h5 11. f4 Bxf4 12. Bxf4 Qxf4 13. Qd2 Qxd2 14. Nxd2
Rb8 15. b3 h4 16. Nf5 Nf6 17. Nxg7+ Kd7 18. Nf3 Rhg8 19. Ne5+ Kc7 20. Nxe6+
fxe6 21. Nxc6 Rbe8 22. Nb4 Bb5 23. a4 Bd7 24. Na6+ Kd6 25. Nc5 h3 26. g3 Ng4
27. Nxd7 Kxd7 28. Ra2 e5 29. dxe5 Nxe5 30. Rd1 Nf3+ 31. Kh1 Re3 32. Rxd5+ Kc7
33. Rd1 Rge8 0-1

[Event "15PCR_ZK4"]
[Site "?"]
[Date "2003.??.??"]
[Round "?"]
[White "Kubecek, Jan"]
[Black "Slavik, Miroslav"]
[Result "0-1"]
[WhiteElo "1800"]
[BlackElo "2160"]
[PlyCount "58"]
[EventDate "2003.??.??"]
[EventType "corr"]
[EventRounds "2"]
[SourceDate "2004.??.??"]

1. e4 c6 2. d4 d5 3. Nc3 dxe4 4. Nxe4 Nd7 5. Bc4 Ngf6 6. Ng5 e6 7. Qe2 Nb6 8.
Bd3 h6 9. N5f3 c5 10. dxc5 Bxc5 11. Ne5 Nbd7 12. Ngf3 Qc7 13. O-O O-O 14. Bf4
Bd6 15. Nxd7 Bxd7 16. Bxd6 Qxd6 17. Rad1 Qc7 18. c4 Rfd8 19. h3 Bc6 20. Ne5 Rd6
21. Bc2 Rad8 22. Rxd6 Rxd6 23. b4 Be8 24. a3 Rd8 25. Rd1 Rxd1+ 26. Bxd1 Qd6 27.
Bc2 Qd4 28. Qe3 Qxe3 29. fxe3 Nd7 0-1

[Event "15PCR_ZK4"]
[Site "?"]
[Date "2003.??.??"]
[Round "?"]
[White "Kudr, Roman"]
[Black "Cvak, Rudolf"]
[Result "0-1"]
[WhiteElo "1915"]
[BlackElo "1800"]
[PlyCount "112"]
[EventDate "2003.??.??"]
[EventType "corr"]
[EventRounds "2"]
[SourceDate "2004.??.??"]

1. Nf3 Nf6 2. c4 g6 3. Nc3 Bg7 4. d4 d6 5. g3 O-O 6. Bg2 c5 7. d5 Na6 8. O-O
Nc7 9. h3 Rb8 10. a4 a6 11. a5 Nd7 12. Bd2 b5 13. axb6 Nxb6 14. b3 e6 15. dxe6
Nxe6 16. Ra2 d5 17. Na4 dxc4 18. bxc4 Nxc4 19. Qc1 Nxd2 20. Rxd2 Qa5 21. Nb2
Bb7 22. Nc4 Qc7 23. e3 Rfd8 24. Rxd8+ Rxd8 25. Qb1 Bd5 26. Rc1 Rb8 27. Qd3 Rd8
28. Qb1 a5 29. Qb5 Ra8 30. Ng5 Bxg2 31. Nxe6 Qc8 32. Kxg2 Qxe6 33. Nxa5 Bf8 34.
Nc4 Qd5+ 35. Kg1 Ra2 36. Qb3 Re2 37. Qd1 Qf3 38. Qf1 Ra2 39. Ra1 Rc2 40. Na3
Re2 41. Nc4 Rc2 42. Na3 Rd2 43. Nc4 Rd8 44. Kh2 h6 45. Ra2 Rd1 46. Qg2 Qf5 47.
Ra8 h5 48. e4 Qe6 49. Ne3 Rd4 50. f3 Kg7 51. Nc2 Rd3 52. Ne1 Rb3 53. Ra2 Bd6
54. h4 Qf6 55. Kg1 Qc3 56. Kf1 Rb1 0-1

[Event "15PCR_ZK4"]
[Site "?"]
[Date "2003.??.??"]
[Round "?"]
[White "Petrzik, Josef"]
[Black "Kudr, Roman"]
[Result "0-1"]
[WhiteElo "1800"]
[BlackElo "1915"]
[PlyCount "64"]
[EventDate "2003.??.??"]
[EventType "corr"]
[EventRounds "2"]
[SourceDate "2004.??.??"]

1. e4 e6 2. d4 d5 3. Nc3 Bb4 4. e5 c5 5. a3 Bxc3+ 6. bxc3 Ne7 7. Bb5+ Bd7 8.
Be2 O-O 9. Nf3 Nbc6 10. O-O Qc7 11. Rb1 b6 12. Re1 Na5 13. Bg5 Ba4 14. Bd3 Ng6
15. Qe2 Rfc8 16. Ba6 Nb7 17. dxc5 b5 18. Nd4 Rcb8 19. Bxb7 Rxb7 20. c6 Rb6 21.
Rb4 h6 22. Be3 Rbb8 23. Bg5 hxg5 24. h3 Ne7 25. Nxb5 Bxb5 26. Rxb5 Nxc6 27. Rb3
Na5 28. Rxb8+ Rxb8 29. Qd2 g4 30. hxg4 Nc4 31. Qd3 Nxa3 32. f4 Rb1 0-1

[Event "15PCR_ZK4"]
[Site "?"]
[Date "2003.??.??"]
[Round "?"]
[White "Cvak, Rudolf"]
[Black "Kubecek, Jan"]
[Result "1-0"]
[WhiteElo "1800"]
[BlackElo "1800"]
[PlyCount "55"]
[EventDate "2003.??.??"]
[EventType "corr"]
[EventRounds "2"]
[SourceDate "2004.??.??"]

1. e4 c5 2. Nf3 e6 3. d4 cxd4 4. Nxd4 Nc6 5. Nc3 a6 6. Be3 Qc7 7. Bd3 Nf6 8.
O-O b5 9. Qe2 b4 10. Nd1 Nxd4 11. Bxd4 e5 12. Be3 Bb7 13. Bg5 a5 14. Bxf6 gxf6
15. Ne3 Rg8 16. Qh5 h6 17. Nd5 Bxd5 18. exd5 Rc8 19. Rfe1 Qc5 20. Qf3 Be7 21.
Bf5 Rg5 22. Qh3 Rxf5 23. Qxf5 Qxc2 24. Qh5 Qd2 25. Rad1 Qxb2 26. Qxh6 d6 27.
Qh8+ Kd7 28. Qh3+ 1-0

[Event "15PCR_ZK4"]
[Site "?"]
[Date "2003.??.??"]
[Round "?"]
[White "Slavik, Miroslav"]
[Black "Ptacek, Jiri"]
[Result "1/2-1/2"]
[WhiteElo "2160"]
[BlackElo "1800"]
[PlyCount "87"]
[EventDate "2003.??.??"]
[EventType "corr"]
[EventRounds "2"]
[SourceDate "2004.??.??"]

1. d4 d5 2. Nf3 Nf6 3. c4 c6 4. e3 g6 5. Nc3 e6 6. Bd3 Bg7 7. O-O O-O 8. b3 b6
9. Qe2 Nbd7 10. e4 dxe4 11. Nxe4 Nxe4 12. Bxe4 Bb7 13. Bb2 Nf6 14. Bc2 Re8 15.
Rad1 Qc7 16. Rfe1 Rad8 17. Qe5 Qxe5 18. dxe5 Nd7 19. Rd6 Bf8 20. Rd3 Nc5 21.
Rd4 Be7 22. Red1 Rxd4 23. Rxd4 Bc8 24. a3 a5 25. Rd1 Kf8 26. Nd4 Bb7 27. f4 Rd8
28. Kf2 Na6 29. g4 c5 30. Nb5 Rxd1 31. Bxd1 Ke8 32. g5 Nb8 33. Ke3 Kd7 34. h4
Bc6 35. h5 Bxb5 36. cxb5 Ke8 37. h6 Nd7 38. Kd3 Kd8 39. Kc4 Kc7 40. Bf3 Nb8 41.
Bc3 Nd7 42. Bc6 Bf8 43. Bd2 Kd8 44. a4 1/2-1/2

[Event "15PCR_ZK4"]
[Site "?"]
[Date "2003.??.??"]
[Round "?"]
[White "Trs, Jan"]
[Black "Peroutik, Jiri"]
[Result "1-0"]
[WhiteElo "2060"]
[BlackElo "1925"]
[PlyCount "61"]
[EventDate "2003.??.??"]
[EventType "corr"]
[EventRounds "2"]
[SourceDate "2004.??.??"]

1. d4 d5 2. c4 e6 3. Nc3 Nf6 4. Nf3 dxc4 5. e3 c5 6. Bxc4 a6 7. Bd3 Nc6 8. O-O
cxd4 9. exd4 Be7 10. Bf4 O-O 11. Be5 Nxe5 12. dxe5 Nd5 13. Nxd5 Qxd5 14. Qc2 g6
15. Rfd1 Qc5 16. Qb3 Qb4 17. Qxb4 Bxb4 18. Rac1 Ba5 19. Be4 Rb8 20. a3 b5 21.
b4 Bb6 22. Kf1 Bb7 23. Bxb7 Rxb7 24. Rc6 a5 25. Ng5 axb4 26. axb4 Ra8 27. Ne4
Ra2 28. g4 Kg7 29. g5 Rb2 30. Nd6 Rb8 31. Rxb6 1-0